000 01088nam a2200301 a 4500
001 000027142
003 DO-SdBNP
005 20241030132609.0
006 a||||gr|||| 00| 0
007 ta
008 110329s1978 dr abd 000 | spa d
040 _aDO-SdBNP
_bspa
_cBNPHU
_erda
082 4 _bP128n
_222
100 1 _aPagán Perdomo, Dato
_921572
_eautor
245 1 0 _aNuevas pictografías en la isla de Santo Domingo /
_cDato Pagán Perdomo ; prólogo, Bernardo Vega ; fotos, Daniel Castillo
264 4 _aSanto Domingo :
_bEditora Museo del Hombre Dominicano,
_c1978.
300 _a129 páginas :
_bilustraciones, mapas, retratos ;
_c28 cm.
336 _atexto
_btxt
_2rdacontent
337 _asin mediación
_bn
_2rdamedia
338 _avolumen
_bnc
_2rdacarrier
490 1 _aEstudio y Arte
_v4
590 _aInventariado 2024 / MF
650 4 _aPinturas en Cuevas
_zRepública Dominicana
_961718
650 4 _aCuevas
_zRepública Dominicana
_961717
700 1 _aVega, Bernardo,
_d1938 -
_eprologuista
_4pr.
_93222
700 1 _aCastillo, Daniel,
_953407
_efotos.
942 _2ddc
_cLBS1
999 _c26634
_d26634